| 000 | 00521cam a2200193ua 4500 | ||
|---|---|---|---|
| 001 | 10626 | ||
| 008 | 190322n ii |||gr||||Z||||||eng | ||
| 040 | _cMAIN | ||
| 082 | _a657 | ||
| 100 |
_aK R Das, _eAuthor. |
||
| 245 |
_aTheory and practice of accountancy-II _bhigher secondary final year |
||
| 250 | _a3rd ed. | ||
| 260 |
_aGuwahati: _bManab publications, _c2017. |
||
| 653 | _aAccounting | ||
| 700 |
_aK M Sinha, _eAuthor. |
||
| 700 |
_aK S Paul Choudhury, _eAuthor. |
||
| 700 |
_aG G Banik, _eAuthor. |
||
| 942 | _cBK | ||
| 999 |
_c9598 _d9598 |
||